Normal view
MARC view
- Execucao De Obras De Concreto
Entry Topical Term
001 - CONTROL NUMBER
- control field: 26907
003 - CONTROL NUMBER IDENTIFIER
- control field: NUST
005 - DATE AND TIME OF LATEST TRANSACTION
- control field: 20191213104829.0
008 - FIXED-LENGTH DATA ELEMENTS
- fixed length control field: 191213|| aca||aabn | a|a d
040 ## - CATALOGING SOURCE
- Original cataloging agency: NUST
- Transcribing agency: NUST
150 ## - HEADING--TOPICAL TERM
- Topical term or geographic name entry element: Execucao De Obras De Concreto
670 ## - SOURCE DATA FOUND
- Source citation: Work cat.: (NUST): Dunham, Clarence W. 26832, The theory and practice of reinforced concrete., 1953.
